000 01326nam a2200385 b 4500
001 83358
003 DO-SdBPM
005 20250709083029.0
007 ta
008 020603s2002 sp | ||| ||spa
017 _a
_b
020 _a0070718679
035 _a
040 _aDO-SdBPM
_bspa
_cBPMSU
_e rda
082 4 _a651.75
_bS736h 2002
_222
100 1 _aSparks, Suzanne D.
_eautor
245 1 3 _aLa habilidad de escribir en los negocios /
_cSuzanne D. Sparks ; edición española revisada por Hay Group ; traducción, Ana Martos ; editora Ma. Victoria Peralba Ruiz
_h
264 _aMadrid :
_bMcGraw-Hill,
_c2002
300 _aXIII, 181 páginas .:
_bilustraciones
_c21 cm
336 _atexto
_btxt
_2rdacontent
337 _asin mediación
_bn
_2rdamedia
338 _avolumen
_bnc
_2rdacarrier
490 0 _aDirectivos hoy
500 _aÍndice
534 _pTítulo original.
_tThe manager's guide to business writing.
590 _aInventariado, 2025/VM
650 7 _aComunicación en administración.
650 7 _aInformes de negocios
_xTécnicas
650 7 _aCorrespondencia comercial
_xTécnicas
700 1 _aMartos, Ana
_etraductor
700 1 _aPeralba Ruiz, Maria Victoria.
_eeditor
710 0 _aHay Group,
910 _aVMateo V. Control de calidad. BPMSU
942 _2ddc
_cBK
999 _c10336
_d10336